00526nam a2200145 a 450000500170000000800410001702000220005805000200008010000180010024500410011826000470015965000350020699900190024195201200026020140414132104.0100823s19uu xx 00 eng d a978-1-59869-544-1 aM 520bW13 6424 aWagner, Kathi aThe everything kids' astronomy book. aAvon, Massachusetts :bAdams Media,c2008. aAstronomyxJuvenile literature c114561d114561 00104050aMUbMUcMd2010-08-23eLib. Fundg355.00l0oM 520 W13 6424pM6424r2014-04-14 00:00:00w2014-04-14yBK